El sesgo de debilidad a favor del inversionista extranjero

Bibliographic Details
Main Author: Castillo Meneses, Yadira
Format: eBook
Language:Spanish
Published: Bogot:̀ Universidad de Los Andes (Colombia), 2015
Subjects:
Online Access:Acceso restringido

MARC

LEADER 00000nam a22000007a 4500
005 2019051604084.0
007 cr|||| ||||
008 190516s2015 co |||||s|||| 00||0 spa d
020 |a 978-958-774-121-6 
035 |a 23332 
040 |a vLex 
090 |c 8728  |d 8728 
100 1 |a Castillo Meneses, Yadira 
245 1 2 |a El sesgo de debilidad a favor del inversionista extranjero  |h [Recurso electrn̤ico] /  |c Yadira Castillo Meneses 
256 |a Servicio en ln̕ea 
260 |a Bogot:̀  |b Universidad de Los Andes (Colombia),  |c 2015 
300 |a 1 recurso electrn̤ico 
500 |a Un lm̕ite a la responsabilidad internacional de las corporaciones transnacionales. Este libro revela la existencia de un sesgo de debilidad a favor del inversionisƠta extranjero en el derecho internacional de la inversin̤ extranjera, como un lm̕ite a la responsabilidad internacional de las corporaciones transnacionales. Para ello aborda el rol del derecho como creador de identidades con efectos distributivos, lo que se traduce en sujetos con un estatus jurd̕ico ms̀ o menos privilegiado. A lo largo del libro se puede ver cm̤o el derecho de la inversin̤ extranjera retrata al inversionista db̌il e incapaz de resistir el poder regulatorio del Estado, por eso el constreįmiento a las facultades regulatorias del Estado receptor y una regulacin̤ de derechos con exclusin̤ de obligaciones internaƠcionales. Esto supone que el sesgo de debilidad no solo opera en el derecho de inversin̤ extranjera, y as ̕el derecho internacional le permite extenderse a otras r̀eas para fortalecerse y ampliar su marco de accin̤. En esa lg̤ica, los lm̕ites que ese sesgo de debilidad le representa a la responsabilidad internaƠcional de las corporaciones transnacionales se abordan desde las cinco lecturas dominantes sobre este debate. Aqu,̕ el sesgo de debilidad adiciona lados del prisma que no son explorados y que confluyen para afianzar la negacin̤ de tal responsabilidad. 
506 1 |a Disponible solo en los productos indicados  |d vLex Global  |d vLex Global (Academic Edition, excluding Law Schools)  |d vLex Global (U.S. Academic Edition, Law Schools)  |d vLex Global (U.S. Academic Edition, excluding Law Schools)  |d vLex Global (Academic Edition, Law Schools) 
650 0 4 |a Derecho Internacional  |z Colombia 
740 0 |a vLex Libros (Servicio en ln̕ea) 
856 4 0 |u http://vlex.com/source/sesgo-de-debilidad-a-favor-del-inversionista-extranjero-23332  |z Acceso restringido 
942 |c BOOK 
999 0 |a International right